| 000 | 00429nam a22001697a 4500 | ||
|---|---|---|---|
| 005 | 20251108170651.0 | ||
| 008 | 250721s1996 xx 000 0 eng d | ||
| 082 | 1 | 4 | _a621.98/jos |
| 100 | 1 | _ajoshi, prakash H | |
| 245 | 1 | 0 | _apress tools design and construction / |
| 264 | 1 |
_anew delhi : _bwheeler publishing, _c1996. |
|
| 300 | _amultipages | ||
| 650 | 1 | 7 | _atools |
| 650 | 1 | 7 | _amachinery |
| 942 |
_2ddc _cBK |
||
| 999 |
_c46118 _d46118 |
||